A TEXT BOOK OF APPLIED ENTOMOLOGY VOL-I (Record no. 5226)

MARC details
000 -LEADER
fixed length control field 00422nam a22001697a 4500
005 - DATE AND TIME OF LATEST TRANSACTION
control field 20210828154230.0
008 - FIXED-LENGTH DATA ELEMENTS--GENERAL INFORMATION
fixed length control field 160905b xxu||||| |||| 00| 0 eng d
020 ## - INTERNATIONAL STANDARD BOOK NUMBER
ISBN 978-81-272-6164-1
041 ## - LANGUAGE CODE
Language code of text/sound track or separate title eng
082 ## - DEWEY DECIMAL CLASSIFICATION NUMBER
Classification number 632.7
100 ## - MAIN ENTRY--AUTHOR NAME
Personal name SRIVASTAVA.K.P, DHALIWAL.G S
245 ## - TITLE STATEMENT
Title A TEXT BOOK OF APPLIED ENTOMOLOGY VOL-I
260 ## - PUBLICATION, DISTRIBUTION, ETC. (IMPRINT)
Name of publisher KALYANI
Year of publication 2016
300 ## - PHYSICAL DESCRIPTION
Number of Pages 425
650 ## - SUBJECT ADDED ENTRY--TOPICAL TERM
Topical Term AGRICULTURE
942 ## - ADDED ENTRY ELEMENTS (KOHA)
Koha item type Books
Holdings
Lost status Damaged status Collection code Home library Current library Shelving location Date acquired Source of acquisition Cost, normal purchase price Full call number Accession Number Koha item type
    Reference JRU Library JRU Library SHELF-2-E 05/09/2016 Purchase 350.00 632.7 21160 Books
      JRU Library JRU Library SHELF-43-C 05/09/2016 Purchase 350.00 632.7 21161 Books
      JRU Library JRU Library SHELF-43-C 05/09/2016 Purchase 350.00 632.7 21162 Books
      JRU Library JRU Library SHELF-43-C 05/09/2016 Purchase 350.00 632.7 21163 Books
      JRU Library JRU Library SHELF-43-C 05/09/2016 Purchase 350.00 632.7 21164 Books
      JRU Library JRU Library SHELF-43-C 09/09/2017 Purchase 350.00 632.7 21862 Books
      JRU Library JRU Library SHELF-43-C 09/09/2017 Purchase 350.00 632.7 21863 Books
      JRU Library JRU Library SHELF-43-C 09/09/2017 Purchase 350.00 632.7 21864 Books
      JRU Library JRU Library SHELF-43-C 09/09/2017 Purchase 350.00 632.7 21865 Books
      JRU Library JRU Library SHELF-43-C 09/09/2017 Purchase 350.00 632.7 21866 Books